Statistics for Top 20 Words Starting with SN

Click here to take the quiz!

General Stats

  • This quiz has been taken 638 times
  • The average score is 11 of 20

Answer Stats

ranklettersword% Correct
24snap
93%
14snow
90%
75snack
84%
85snail
83%
164snip
81%
35snake
77%
155snore
71%
134snag
70%
95sneak
67%
174snug
54%
184snub
50%
196sneeze
46%
55sniff
42%
205snuff
42%
115snort
41%
105sneer
37%
46snatch
35%
125snarl
26%
67snooker
10%
148snapshot
7%

Score Distribution

Percentile by Number Answered

Percent of People with Each Score

Your Score History

You have not taken this quiz